[Event "Khalif"]
[Site "Quebec CAN"]
[Date "2016.03.21"]
[Round "1"]
[White "Lacerte, Kevin"]
[Black "Potvin, Alain-Nicolas"]
[Result "1-0"]
[WhiteElo "1502"]
[BlackElo "1852"]
[PlyCount "63"]
[EventDate "2016.03.21"]
[EventType "swiss"]
[EventRounds "5"]
[EventCountry "CAN"]

1. e4 d6 2. d4 Nf6 3. Nc3 g6 4. f4 Bg7 5. Nf3 c5 6. d5 a6 7. a4 Qa5 8. Bd2 Qb4
9. Bd3 Qb6 10. a5 Qa7 11. Na4 Nfd7 12. c4 O-O 13. Qb3 b5 14. axb6 Qb7 15. Ba5
Re8 16. O-O Nf8 17. Rae1 Bd7 18. e5 Bxa4 19. Qxa4 Nbd7 20. e6 fxe6 21. dxe6
Nxb6 22. Qc2 Rab8 23. f5 d5 24. fxg6 dxc4 25. gxh7+ Kh8 26. Be4 Qc7 27. Ng5
Bd4+ 28. Kh1 Kg7 29. h8=Q+ Kxh8 30. Nf7+ Kg7 31. Qe2 Nxe6 32. Qg4+ 1-0

[Event "Khalif"]
[Site "Quebec CAN"]
[Date "2016.03.21"]
[Round "1"]
[White "Laprade, Jean jr"]
[Black "Arteau, Benoit"]
[Result "1/2-1/2"]
[WhiteElo "1594"]
[BlackElo "1972"]
[PlyCount "93"]
[EventDate "2016.03.21"]
[EventType "swiss"]
[EventRounds "5"]
[EventCountry "CAN"]

1. e4 b6 2. d4 Bb7 3. Nc3 e6 4. Nf3 Bb4 5. Bd3 Nf6 6. Qe2 d5 7. e5 Ne4 8. Bd2
Nxd2 9. Nxd2 Be7 10. Qg4 g6 11. Ne2 Ba6 12. Bxa6 Nxa6 13. c3 c5 14. a3 c4 15.
O-O b5 16. f4 Nc7 17. Rfb1 O-O 18. Nf3 Ne8 19. Qg3 Ng7 20. Qf2 a5 21. g3 Qd7
22. Qe1 Rfb8 23. Qc1 Rb7 24. Ra2 Rab8 25. Rba1 h5 26. Kf2 Nf5 27. Neg1 Nh6 28.
h3 Kg7 29. Ne2 Nf5 30. Qg1 b4 31. axb4 axb4 32. g4 hxg4 33. hxg4 Nh6 34. g5 Nf5
35. Qg2 bxc3 36. bxc3 Rb2 37. Rxb2 Rxb2 38. Rh1 Ba3 39. Qh3 Kf8 40. Qh8+ Ke7
41. Qf6+ Ke8 42. Rh8+ Bf8 43. Rxf8+ Kxf8 44. Qh8+ Ke7 45. Qf6+ Ke8 46. Qh8+ Ke7
47. Qf6+ 1/2-1/2

[Event "Khalif"]
[Site "Quebec CAN"]
[Date "2016.03.21"]
[Round "1"]
[White "Leblanc-Legault, Mathieu"]
[Black "Cossette, Daniel"]
[Result "0-1"]
[WhiteElo "1632"]
[BlackElo "2066"]
[PlyCount "150"]
[EventDate "2016.03.21"]
[EventType "swiss"]
[EventRounds "5"]
[EventCountry "CAN"]

1. Nf3 d5 2. e3 c5 3. d4 e6 4. c4 Nc6 5. a3 Nf6 6. dxc5 Bxc5 7. b4 Be7 8. Bb2
O-O 9. Be2 a6 10. O-O dxc4 11. Qxd8 Rxd8 12. Bxc4 b5 13. Be2 Bb7 14. Nc3 Kf8
15. Rfd1 Nd7 16. Rd2 Bf6 17. Rad1 Nb6 18. Rxd8+ Rxd8 19. Rxd8+ Nxd8 20. Nd1 Ke7
21. Nd2 Na4 22. Bxf6+ Kxf6 23. Bf3 Bxf3 24. gxf3 Ke5 25. Ne4 Kd5 26. Nd2 Nb7
27. Kf1 Nd6 28. Ke2 Nc4 29. e4+ Kd4 30. Nb3+ Ke5 31. Kd3 Nxa3 32. Ne3 Kf4 33.
Nd2 Nb6 34. Kd4 Nac4 35. Ng2+ Kg5 36. Nb3 Na4 37. Nc5 Nd2 38. h4+ Kf6 39. e5+
Kf5 40. f4 Kg4 41. Ke3 Nc4+ 42. Kd4 Ncb6 43. Ke4 Nc3+ 44. Kd4 Nbd5 45. Ne3+
Kxh4 46. Nxd5 Nxd5 47. f5 Nxb4 48. f6 Nc6+ 49. Ke4 gxf6 50. exf6 Kg5 51. Nxe6+
Kxf6 52. Nc7 Nb8 53. f4 b4 54. Nd5+ Ke6 55. Nxb4 a5 56. f5+ Kd6 57. Nc2 Nc6 58.
Ne3 h5 59. Nd5 a4 60. Nc3 a3 61. Nb5+ Ke7 62. Nxa3 Kf6 63. Kf4 Nd4 64. Nc4 Nxf5
65. Ne5 Ng7 66. Nf3 Ne6+ 67. Kg3 Ng5 68. Nd4 Ke5 69. Nc6+ Kf5 70. Kh4 Kg6 71.
Ne5+ Kh6 72. Nd7 Ne4 73. Ne5 f6 74. Nd3 Nd6 75. Nf4 Nf5+ 0-1

[Event "Khalif"]
[Site "Quebec CAN"]
[Date "2016.03.21"]
[Round "1"]
[White "Lessard, Claude"]
[Black "Lapointe, Daniel"]
[Result "1-0"]
[WhiteElo "2036"]
[BlackElo "1602"]
[PlyCount "71"]
[EventDate "2016.03.21"]
[EventType "swiss"]
[EventRounds "5"]
[EventCountry "CAN"]

1. d4 Nf6 2. Nc3 d5 3. e4 Nxe4 4. Nxe4 dxe4 5. f3 exf3 6. Nxf3 e6 7. Bd3 Be7 8.
O-O O-O 9. Be3 Nc6 10. c3 Bf6 11. Qc2 g6 12. Rad1 Ne7 13. Bh6 Bg7 14. Qc1 Nf5
15. Bxf5 exf5 16. c4 c6 17. Bxg7 Kxg7 18. Rfe1 f6 19. d5 cxd5 20. cxd5 Qd6 21.
Qe3 Bd7 22. Qe7+ Qxe7 23. Rxe7+ Rf7 24. d6 Re8 25. Rxe8 Bxe8 26. Nd4 Rd7 27.
Ne6+ Kf7 28. Nc5 b6 29. Nxd7 Bxd7 30. Re1 Be6 31. Rc1 Bxa2 32. Rc7+ Ke8 33.
Rxa7 Bd5 34. Rxh7 g5 35. Kf2 Be6 36. Re7+ 1-0

[Event "Khalif"]
[Site "Quebec CAN"]
[Date "2016.03.21"]
[Round "1"]
[White "Tremblay-Alix, Eric"]
[Black "Tremblay, Rejean"]
[Result "0-1"]
[WhiteElo "1816"]
[BlackElo "2171"]
[PlyCount "96"]
[EventDate "2016.03.21"]
[EventType "swiss"]
[EventRounds "5"]
[EventCountry "CAN"]

1. Nf3 Nf6 2. c4 g6 3. Nc3 Bg7 4. d4 O-O 5. e4 d6 6. Be2 e5 7. dxe5 dxe5 8.
Qxd8 Rxd8 9. Bg5 c6 10. O-O Nbd7 11. Rad1 Re8 12. Rd6 h6 13. Bxf6 Nxf6 14. Rfd1
Be6 15. b3 Bf8 16. R6d3 Bb4 17. Nxe5 Bxc3 18. Rxc3 Nxe4 19. Re3 Nf6 20. Bf3 Kg7
21. Rde1 Red8 22. Nd3 Bf5 23. Nc5 b6 24. Nb7 Rd2 25. Bxc6 Rc8 26. Bf3 Rc7 27.
Re7 Rxe7 28. Rxe7 Rxa2 29. h3 Rd2 30. c5 bxc5 31. Nxc5 Rc2 32. Nb7 Be6 33. Nd6
Nd7 34. Nxf7 Kf6 35. Rxe6+ Kxe6 36. Nxh6 Rb2 37. Bg4+ Ke7 38. Ng8+ Kd6 39. Nh6
Rxb3 40. Nf7+ Ke7 41. Ng5 a5 42. Ne4 Nf6 43. Nd2 Rb4 44. Bf3 a4 45. Bd1 a3 46.
Bb3 Ne4 47. Nxe4 Rxb3 48. Nd2 Rb4 0-1

[Event "Khalif"]
[Site "Quebec CAN"]
[Date "2016.03.28"]
[Round "2"]
[White "Boissinot, Claude"]
[Black "Tremblay-Alix, Eric"]
[Result "0-1"]
[WhiteElo "1539"]
[BlackElo "1816"]
[PlyCount "56"]
[EventDate "2016.03.21"]
[EventType "swiss"]
[EventRounds "5"]
[EventCountry "CAN"]

1. e4 Nf6 2. Nc3 e5 3. Nf3 Bb4 4. Bc4 O-O 5. d3 Bxc3+ 6. bxc3 d5 7. exd5 Nxd5
8. Bd2 Re8 9. O-O Bg4 10. h3 Bh5 11. Rb1 Nb6 12. Bb3 Nc6 13. g4 Bg6 14. Re1 Qd6
15. Nh4 Rad8 16. Nxg6 Qxg6 17. Re4 Na5 18. Qe2 Nxb3 19. cxb3 f5 20. Rxe5 Rxe5
21. Qxe5 fxg4 22. hxg4 Rxd3 23. Rb2 Qxg4+ 24. Kf1 h6 25. Ke1 Rh3 26. f4 Rh1+
27. Kf2 Rh2+ 28. Kf1 Qg2+ 0-1

[Event "Khalif"]
[Site "Quebec CAN"]
[Date "2016.03.28"]
[Round "2"]
[White "Cossette, Daniel"]
[Black "Laflamme, Simon"]
[Result "1-0"]
[WhiteElo "2066"]
[BlackElo "1837"]
[PlyCount "49"]
[EventDate "2016.03.21"]
[EventType "swiss"]
[EventRounds "5"]
[EventCountry "CAN"]

1. e4 c6 2. d4 d5 3. exd5 cxd5 4. c4 Nf6 5. Nc3 Nc6 6. Bg5 h6 7. Bh4 dxc4 8.
Bxc4 Qxd4 9. Qxd4 Nxd4 10. O-O-O e5 11. f4 Bg4 12. Nf3 Bxf3 13. gxf3 Rc8 14.
fxe5 Rxc4 15. exf6 Ne6 16. Bg3 gxf6 17. Rhe1 Be7 18. Kb1 Rg8 19. Nd5 Rg6 20. f4
f5 21. Re5 Bf6 22. Nxf6+ Rxf6 23. Bh4 Ke7 24. Rf1 Rc5 25. Rfe1 1-0

[Event "Khalif"]
[Site "Quebec CAN"]
[Date "2016.03.29"]
[Round "2"]
[White "Dube, Daniel"]
[Black "Beauchesne, Jonathan"]
[Result "1-0"]
[WhiteElo "1880"]
[BlackElo "1569"]
[PlyCount "129"]
[EventDate "2016.03.21"]
[EventType "swiss"]
[EventRounds "5"]
[EventCountry "CAN"]

1. d4 Nf6 2. Bg5 d6 3. Nc3 Nbd7 4. e4 e5 5. Nf3 Be7 6. Be2 O-O 7. O-O c6 8. a4
h6 9. Bc1 Qc7 10. h3 Rd8 11. Be3 Nf8 12. Qc1 Ng6 13. Rd1 Be6 14. d5 Bd7 15. Nh2
Kh7 16. Ng4 Nxg4 17. hxg4 f6 18. g3 Qc8 19. f3 Nh8 20. Kg2 Nf7 21. Rh1 Rg8 22.
Qd2 Bf8 23. g5 fxg5 24. Bxg5 Nxg5 25. Qxg5 Qd8 26. Qxd8 Rxd8 27. f4 exf4 28.
gxf4 Be7 29. Bd3 Kh8 30. Bc4 Rgf8 31. Raf1 Bf6 32. a5 Rde8 33. Re1 Bxc3 34.
bxc3 Rxf4 35. Rhf1 Rxf1 36. Rxf1 cxd5 37. Bxd5 Bc6 38. Bxc6 bxc6 39. Rf7 Rxe4
40. Rxa7 Re2+ 41. Kf3 Rxc2 42. a6 Rxc3+ 43. Ke4 Rc5 44. Rd7 Ra5 45. a7 Kh7 46.
Kf4 d5 47. Ke5 h5 48. Kd6 Ra6 49. Rb7 h4 50. Kc7 c5 51. Kb8 Rf6 52. Rc7 Rb6+
53. Rb7 Rf6 54. Rc7 Rb6+ 55. Rb7 Rf6 56. Rb5 Rf8+ 57. Kb7 Rf7+ 58. Ka6 Rf6+ 59.
Rb6 Rf3 60. Rb5 Rf6+ 61. Ka5 Rf2 62. Kb6 Ra2 63. Ra5 Rb2+ 64. Kc6 Rb8 65.
axb8=Q 1-0

[Event "Khalif"]
[Site "Quebec CAN"]
[Date "2016.03.28"]
[Round "2"]
[White "HalHal, Sami"]
[Black "Lessard, Claude"]
[Result "0-1"]
[WhiteElo "1801"]
[BlackElo "2036"]
[PlyCount "88"]
[EventDate "2016.03.21"]
[EventType "swiss"]
[EventRounds "5"]
[EventCountry "CAN"]

1. d4 Nf6 2. Nc3 c5 3. d5 d6 4. e4 e6 5. dxe6 fxe6 6. e5 dxe5 7. Qxd8+ Kxd8 8.
Nf3 Nc6 9. Be3 a6 10. O-O-O+ Kc7 11. Bc4 b5 12. Be2 Be7 13. h3 Bb7 14. Ng5 Nd4
15. Bxd4 exd4 16. Nxe6+ Kb6 17. Nb1 Ne4 18. Rhf1 Bf6 19. Bd3 Rae8 20. Nf4 Bg5
21. g3 Rhf8 22. Nd2 Nxd2 23. Rxd2 g6 24. Kd1 Bxf4 25. gxf4 Rxf4 26. Re1 Rxe1+
27. Kxe1 Bg2 28. Bf1 Re4+ 29. Re2 Rxe2+ 30. Kxe2 Bxf1+ 31. Kxf1 c4 32. Ke2 Kc6
33. Kf3 Kd5 34. b3 Ke5 35. b4 g5 36. a3 h5 37. Ke2 Kf4 38. Kd2 Kf3 39. Ke1 g4
40. hxg4 hxg4 41. Kf1 d3 42. cxd3 cxd3 43. Ke1 d2+ 44. Kxd2 Kxf2 0-1

[Event "Khalif"]
[Site "Quebec CAN"]
[Date "2016.03.28"]
[Round "2"]
[White "Lacerte, Kevin"]
[Black "Bluteau, Yvon"]
[Result "0-1"]
[WhiteElo "1502"]
[BlackElo "1884"]
[PlyCount "56"]
[EventDate "2016.03.21"]
[EventType "swiss"]
[EventRounds "5"]
[EventCountry "CAN"]

1. e4 d5 2. d4 dxe4 3. Nc3 Nf6 4. f3 Bf5 5. Be3 e6 6. Bb5+ c6 7. Bc4 Bb4 8. a3
Bxc3+ 9. bxc3 Nbd7 10. g4 Bg6 11. f4 Nd5 12. Bxd5 cxd5 13. h4 h5 14. g5 Nb6 15.
Kf2 Qc7 16. Ne2 Bf5 17. Qb1 O-O 18. Qb4 Nc4 19. Rab1 b6 20. Ng3 Bg4 21. Rhe1 g6
22. Nf1 f6 23. Bc1 Rae8 24. Qb5 Nd6 25. Qb3 Nf5 26. Nh2 Nxh4 27. Nxg4 hxg4 28.
Kg3 Nf5+ 0-1

[Event "Khalif"]
[Site "Quebec CAN"]
[Date "2016.03.28"]
[Round "2"]
[White "Potvin, Alain-Nicolas"]
[Black "Filion, Rene"]
[Result "1/2-1/2"]
[WhiteElo "1852"]
[BlackElo "1559"]
[PlyCount "154"]
[EventDate "2016.03.21"]
[EventType "swiss"]
[EventRounds "5"]
[EventCountry "CAN"]

1. d4 Nf6 2. e3 d6 3. Bd3 Nbd7 4. Nf3 g6 5. Nbd2 Bg7 6. b3 O-O 7. Bb2 h6 8. c4
Re8 9. O-O a5 10. Rc1 e5 11. Qc2 exd4 12. exd4 Kh7 13. h4 Nf8 14. Ne4 Bg4 15.
Nh2 Bd7 16. Nxf6+ Qxf6 17. h5 Bf5 18. hxg6+ fxg6 19. Bxf5 Qxf5 20. Qxf5 gxf5
21. Rc2 Ng6 22. Rd1 Re4 23. f3 Re7 24. Kf2 Rae8 25. g3 h5 26. Bc1 Bf6 27. d5 b6
28. a3 f4 29. gxf4 Bh4+ 30. Kg2 Re2+ 31. Rxe2 Rxe2+ 32. Kh3 Re1 33. Rxe1 Bxe1
34. Nf1 Nh4 35. Ng3 Nxf3 36. Nxh5 Bc3 37. Ng3 Nd4 38. Ne4 Be1 39. Bd2 Bxd2 40.
Nxd2 Kg6 41. Kg4 Kg7 42. Kg5 Kf7 43. f5 Kg7 44. b4 a4 45. c5 bxc5 46. bxc5 dxc5
47. f6+ Kf7 48. Nc4 Nb5 49. Ne5+ Ke8 50. f7+ Ke7 51. Kg6 Nd6 52. Nc6+ Kf8 53.
Nd8 Ke7 54. f8=Q+ Kxf8 55. Ne6+ Ke7 56. Nxc5 Nb5 57. Nxa4 Kd6 58. Kf5 Kxd5 59.
Kf4 Nxa3 60. Ke3 Kc4 61. Nb2+ Kc3 62. Nd1+ Kb3 63. Kd3 c5 64. Ne3 Nb5 65. Kd2
Na3 66. Kd3 Nb1 67. Nc4 Kb4 68. Ne3 Nc3 69. Kc2 Na4 70. Kc1 Kb3 71. Nd1 Kc4 72.
Nf2 Kd4 73. Kc2 c4 74. Nd1 Nc5 75. Nc3 Ne4 76. Nxe4 Kxe4 77. Kc3 Kd5 1/2-1/2

[Event "Khalif"]
[Site "Quebec CAN"]
[Date "2016.03.28"]
[Round "2"]
[White "Tremblay, Rejean"]
[Black "Garneau, Benoit"]
[Result "1-0"]
[WhiteElo "2171"]
[BlackElo "1850"]
[PlyCount "54"]
[EventDate "2016.03.21"]
[EventType "swiss"]
[EventRounds "5"]
[EventCountry "CAN"]

1. d4 Nf6 2. c4 g6 3. Nc3 d5 4. Nf3 Bg7 5. Bf4 O-O 6. e3 dxc4 7. Bxc4 c5 8. d5
Qa5 9. O-O Bg4 10. h3 Bxf3 11. Qxf3 Nbd7 12. d6 e5 13. Bg5 Qb4 14. Qe2 Nb6 15.
Bb5 a6 16. a3 Qa5 17. Bc4 Nxc4 18. Qxc4 Qb6 19. Bxf6 Bxf6 20. Ne4 Bg7 21. Rab1
Qc6 22. f3 Rac8 23. Rbc1 Rfd8 24. Rfd1 Bf8 25. Qxc5 Bxd6 26. Qxc6 Rxc6 27. Rxc6
bxc6 1-0

[Event "Khalif"]
[Site "Quebec CAN"]
[Date "2016.04.04"]
[Round "3"]
[White "Bahadi, Khalid"]
[Black "Cossette, Daniel"]
[Result "0-1"]
[WhiteElo "1927"]
[BlackElo "2066"]
[PlyCount "116"]
[EventDate "2016.03.21"]
[EventType "swiss"]
[EventRounds "5"]
[EventCountry "CAN"]

1. e4 c5 2. Nf3 Nc6 3. d4 cxd4 4. Nxd4 Nf6 5. Nc3 g6 6. Nxc6 dxc6 7. Qxd8+ Kxd8
8. Bc4 Bg7 9. Bg5 Ke8 10. O-O-O h6 11. Bh4 g5 12. Bg3 Nd7 13. Bc7 e5 14. Rd3
Nc5 15. Rd8+ Ke7 16. Rd2 Ne6 17. Bd6+ Kf6 18. g3 Bf8 19. Rf1 Bxd6 20. Rxd6 Ke7
21. Rd2 Rd8 22. Rxd8 Kxd8 23. f4 exf4 24. gxf4 Nxf4 25. Bxf7 Bh3 26. Rf2 Ke7
27. Bc4 Kd6 28. Rd2+ Ke5 29. Rf2 Rd8 30. a4 a6 31. Rd2 Rxd2 32. Kxd2 b5 33.
axb5 axb5 34. Bf7 b4 35. Na2 c5 36. Ke3 Be6 37. Bxe6 Nxe6 38. Nc1 Nf4 39. Nd3+
Nxd3 40. cxd3 g4 41. b3 h5 42. h3 gxh3 43. Kf3 h4 44. Kf2 Kd4 45. Kf3 h2 46.
Kg2 h1=Q+ 47. Kxh1 Kxd3 48. e5 c4 49. e6 cxb3 50. e7 b2 51. e8=Q b1=Q+ 52. Kg2
Qb2+ 53. Kh3 Qd4 54. Qa4 Kc4 55. Qc6+ Kb3 56. Qa6 Qc3+ 57. Kh2 Kb2 58. Qd6 Qg3+
0-1

[Event "Khalif"]
[Site "Quebec CAN"]
[Date "2016.04.07"]
[Round "3"]
[White "Beauchesne, Jonathan"]
[Black "Murray, Bruno"]
[Result "1-0"]
[WhiteElo "1569"]
[BlackElo "1191"]
[PlyCount "33"]
[EventDate "2016.03.21"]
[EventType "swiss"]
[EventRounds "5"]
[EventCountry "CAN"]

1. e4 e5 2. Nf3 f6 3. d4 d6 4. Bc4 Nc6 5. h3 Nge7 6. O-O Bd7 7. a3 f5 8. exf5
Nxf5 9. dxe5 Nxe5 10. Nxe5 dxe5 11. Qd5 Qe7 12. Qxb7 Qd8 13. Qd5 Nd6 14. Bb3
Rc8 15. Re1 e4 16. Rxe4+ Nxe4 17. Qf7# 1-0

[Event "Khalif"]
[Site "Quebec CAN"]
[Date "2016.04.07"]
[Round "3"]
[White "Bluteau, Yvon"]
[Black "Arteau, Benoit"]
[Result "1-0"]
[WhiteElo "1884"]
[BlackElo "1972"]
[PlyCount "129"]
[EventDate "2016.03.21"]
[EventType "swiss"]
[EventRounds "5"]
[EventCountry "CAN"]

1. Nf3 Nf6 2. c4 e6 3. g3 b6 4. d4 Bb7 5. Bg2 Bb4+ 6. Bd2 Qe7 7. O-O O-O 8. Nc3
d6 9. a3 Bxc3 10. Bxc3 Ne4 11. Rc1 Nd7 12. Qc2 f5 13. Nd2 Ndf6 14. f3 Nxc3 15.
Qxc3 c5 16. e3 Rac8 17. Rfe1 d5 18. dxc5 Rxc5 19. b4 Rc7 20. Qb2 Rfc8 21. Bf1
Kf7 22. Rc2 g5 23. Rec1 g4 24. f4 Qd6 25. Qd4 Ke7 26. Bd3 h5 27. c5 bxc5 28.
bxc5 Qc6 29. Nb3 Qe8 30. a4 Bc6 31. Qe5 Bxa4 32. Nd4 Kf7 33. Ra2 Bc6 34. Ba6
Bb7 35. Nb5 Nd7 36. Nd6+ Kg6 37. Nxe8 Nxe5 38. Nxc7 Nf3+ 39. Kg2 Rxc7 40. Bxb7
Rxb7 41. c6 Rc7 42. h4 Kf6 43. Ra6 Nd2 44. Rc5 Ne4 45. Rb5 Nd6 46. Rb8 e5 47.
fxe5+ Kxe5 48. Rd8 Nc4 49. Kf2 Ke6 50. Rh8 Nd6 51. Rxh5 Rc8 52. Rh6+ Ke5 53.
Rxa7 Ne4+ 54. Kg2 d4 55. exd4+ Kxd4 56. c7 Re8 57. Re6 Rc8 58. Rb6 f4 59. gxf4
Rf8 60. Rb8 Rxf4 61. Ra4+ Ke3 62. Rb3+ Ke2 63. Ra2+ Nd2 64. Rxd2+ Kxd2 65. c8=Q
1-0

[Event "Khalif"]
[Site "Quebec CAN"]
[Date "2016.04.07"]
[Round "3"]
[White "Laprade, Jean jr"]
[Black "Dube, Daniel"]
[Result "1/2-1/2"]
[WhiteElo "1594"]
[BlackElo "1842"]
[PlyCount "117"]
[EventDate "2016.03.21"]
[EventType "swiss"]
[EventRounds "5"]
[EventCountry "CAN"]

1. e4 c5 2. Nf3 Nc6 3. Bb5 e5 4. O-O d6 5. h3 Nf6 6. Re1 Be7 7. c3 O-O 8. d3 a6
9. Ba4 b5 10. Bc2 Nd7 11. Nbd2 Nb6 12. Nf1 f5 13. exf5 Bxf5 14. Ng3 Bg6 15. b3
b4 16. c4 Qd7 17. Bb2 Bf6 18. Ne4 Be7 19. Ng3 Rf7 20. Qe2 Raf8 21. Kh2 h5 22.
Ne4 h4 23. Rf1 Bh5 24. Bd1 Bxf3 25. gxf3 Rxf3 26. Qxf3 Rxf3 27. Bxf3 Qf5 28.
Kg2 d5 29. cxd5 Nxd5 30. Bc1 Nd4 31. Bg4 Nf4+ 32. Bxf4 Qxf4 33. Rac1 Qf8 34.
Rc4 Nb5 35. Rcc1 Nc3 36. Nxc3 bxc3 37. Rxc3 Bg5 38. Rc4 Qd6 39. Bf5 Bf4 40. Be4
g5 41. Rg1 Kf8 42. Kf3 Qf6 43. Ke2 Qd6 44. Rb1 a5 45. Rb2 g4 46. hxg4 h3 47.
Rbc2 h2 48. Rxc5 Bg5 49. Rc8+ Bd8 50. R2c6 Qd4 51. Rc2 Qxe4+ 52. dxe4 h1=Q 53.
Rxd8+ Ke7 54. Rdc8 Qxe4+ 55. Kf1 Qxg4 56. R2c7+ Kf6 57. Rc6+ Ke7 58. R6c7+ Ke6
59. Rc6+ 1/2-1/2

[Event "Khalif"]
[Site "Quebec CAN"]
[Date "2016.04.04"]
[Round "3"]
[White "Lessard, Claude"]
[Black "Tremblay, Rejean"]
[Result "1-0"]
[WhiteElo "2036"]
[BlackElo "2171"]
[PlyCount "55"]
[EventDate "2016.03.21"]
[EventType "swiss"]
[EventRounds "5"]
[EventCountry "CAN"]

1. d4 Nf6 2. Nf3 d5 3. c4 e6 4. Nc3 c6 5. Bg5 h6 6. Bh4 dxc4 7. e3 b5 8. Ne5
Bb7 9. Be2 Be7 10. O-O Nbd7 11. a4 a6 12. Bf3 b4 13. Nxd7 Qxd7 14. Bxf6 bxc3
15. Bxe7 cxb2 16. Rb1 Kxe7 17. Rxb2 a5 18. Qc2 Rhb8 19. Rfb1 Kf6 20. Qc3 Kg6
21. Qxc4 Qc7 22. Rb6 Kh7 23. Qb3 Ra7 24. Be4+ g6 25. Bxc6 Bxc6 26. Rxb8 Bb7 27.
Rxb7 Rxb7 28. Qxb7 1-0

[Event "Khalif"]
[Site "Quebec CAN"]
[Date "2016.04.07"]
[Round "3"]
[White "Tremblay-Alix, Eric"]
[Black "Provost, Andre"]
[Result "1/2-1/2"]
[WhiteElo "1816"]
[BlackElo "1515"]
[PlyCount "46"]
[EventDate "2016.03.21"]
[EventType "swiss"]
[EventRounds "5"]
[EventCountry "CAN"]

1. c4 e5 2. Nc3 Nf6 3. Nf3 Nc6 4. g3 Bc5 5. Nxe5 Bxf2+ 6. Kxf2 Nxe5 7. e3 Nfg4+
8. Ke1 Nf6 9. d4 Ng6 10. Bg2 d6 11. Rf1 c6 12. Kf2 O-O 13. Kg1 Bg4 14. Qe1 d5
15. cxd5 Nxd5 16. e4 Nb4 17. Qf2 f5 18. Be3 fxe4 19. Qd2 Nd5 20. Bg5 e3 21.
Bxd5+ Qxd5 22. Qxe3 Qd7 23. Rxf8+ Rxf8 1/2-1/2

[Event "Khalif"]
[Site "Quebec CAN"]
[Date "2016.04.16"]
[Round "4"]
[White "Beauchesne, Jonathan"]
[Black "Lacerte, Kevin"]
[Result "0-1"]
[WhiteElo "1569"]
[BlackElo "1502"]
[PlyCount "64"]
[EventDate "2016.03.21"]
[EventType "swiss"]
[EventRounds "5"]
[EventCountry "CAN"]

1. e4 c5 2. Nf3 d6 3. d3 g6 4. g3 Bg7 5. Bg2 Nf6 6. O-O O-O 7. Nbd2 Nc6 8. c3
Bg4 9. h3 Bd7 10. Nh2 Ne5 11. Ndf3 Nxf3+ 12. Nxf3 Qc7 13. Qe2 e6 14. Bf4 Qb6
15. Rfe1 Nh5 16. Be3 e5 17. Qc2 f5 18. exf5 gxf5 19. Kh2 f4 20. Bc1 Bc6 21. g4
Nf6 22. Rb1 Rae8 23. b4 cxb4 24. Rxb4 Qd8 25. Ng5 Nxg4+ 26. hxg4 Qxg5 27. Bxc6
Qh4+ 28. Kg1 bxc6 29. Qe2 f3 30. Qf1 d5 31. g5 e4 32. Bd2 Be5 0-1

[Event "Khalif"]
[Site "Quebec CAN"]
[Date "2016.04.16"]
[Round "4"]
[White "Cossette, Daniel"]
[Black "Lessard, Claude"]
[Result "1/2-1/2"]
[WhiteElo "2066"]
[BlackElo "2036"]
[PlyCount "70"]
[EventDate "2016.03.21"]
[EventType "swiss"]
[EventRounds "5"]
[EventCountry "CAN"]

1. e4 d6 2. d4 Nf6 3. Nc3 g6 4. Nf3 Bg7 5. h3 O-O 6. Be3 Na6 7. Be2 c5 8. Qd2
cxd4 9. Nxd4 Nc5 10. f3 a5 11. a4 Nh5 12. O-O-O Ng3 13. Rhg1 Nxe2+ 14. Ndxe2
Be6 15. Bh6 Qb6 16. Bxg7 Kxg7 17. Nf4 Qb4 18. Nd3 Nxd3+ 19. Qxd3 Rfc8 20. Qd4+
f6 21. Nd5 Bxd5 22. exd5 Rc4 23. Qe3 Re8 24. b3 Qa3+ 25. Kb1 Rxa4 26. Qc3 Rf4
27. Rd4 Rxd4 28. Qxd4 b5 29. Re1 Kf7 30. Qh4 h5 31. g4 Qb4 32. Re4 Qc3 33. gxh5
g5 34. Qg4 a4 35. Qf5 axb3 1/2-1/2

[Event "Khalif"]
[Site "Quebec CAN"]
[Date "2016.04.16"]
[Round "4"]
[White "Dube, Daniel"]
[Black "Tremblay-Alix, Eric"]
[Result "0-1"]
[WhiteElo "1880"]
[BlackElo "1816"]
[PlyCount "74"]
[EventDate "2016.03.21"]
[EventType "swiss"]
[EventRounds "5"]
[EventCountry "CAN"]

1. e4 Nf6 2. e5 Nd5 3. c4 Nb6 4. c5 Nd5 5. Bc4 e6 6. Nc3 Nxc3 7. dxc3 Bxc5 8.
Qg4 g6 9. Bh6 d5 10. Bg7 Rg8 11. Bf6 Be7 12. Bxe7 Qxe7 13. Bxd5 f5 14. exf6
exd5+ 15. Qe2 Qxe2+ 16. Nxe2 Rf8 17. O-O-O Rxf6 18. Rxd5 Be6 19. Re5 Nc6 20.
Re3 O-O-O 21. f4 Bxa2 22. g4 Rfd6 23. b4 Bc4 24. h4 Rd2 25. Ng3 Ra2 26. f5 gxf5
27. gxf5 Bd3 28. Rhe1 Rc2+ 29. Kb1 Rxc3+ 30. Kb2 Rc2+ 31. Kb3 Nd4+ 32. Ka3 Bc4
33. b5 Nxb5+ 34. Kb4 Rb2+ 35. Kxc4 Rd4+ 36. Kc5 b6+ 37. Kc6 Rd6# 0-1

[Event "Khalif"]
[Site "Quebec CAN"]
[Date "2016.04.16"]
[Round "4"]
[White "Fecteau, Martin"]
[Black "Bluteau, Yvon"]
[Result "1-0"]
[WhiteElo "1885"]
[BlackElo "1884"]
[PlyCount "137"]
[EventDate "2016.03.21"]
[EventType "swiss"]
[EventRounds "5"]
[EventCountry "CAN"]

1. Nf3 c5 2. g3 Nc6 3. Bg2 Nf6 4. c4 e5 5. d3 Be7 6. Nc3 d6 7. O-O Bg4 8. h3
Bf5 9. Nh4 Bg6 10. Qa4 Qd7 11. a3 O-O 12. Nxg6 hxg6 13. Nd5 Nxd5 14. cxd5 Nb8
15. Qc2 Na6 16. f4 exf4 17. Bxf4 Bf6 18. Bd2 Rfe8 19. e4 Bd4+ 20. Kh2 Nc7 21.
a4 Re5 22. Bc3 Bxc3 23. bxc3 Rh5 24. Kg1 Ne8 25. g4 Rh4 26. Qf2 Qe7 27. Qg3 g5
28. Rf5 f6 29. a5 Qd7 30. Rff1 Nc7 31. c4 Na6 32. Bf3 Nb4 33. Bd1 Qe7 34. Ba4
Kh7 35. Rf3 Rh8 36. Kg2 Kg6 37. Rh1 Qc7 38. Rf2 Rd8 39. Qf3 Qxa5 40. Bd7 Kh7
41. Bf5+ Kh8 42. e5 dxe5 43. Be4 Qc7 44. Qf5 Qd7 45. Qe6 b6 46. Rxf6 Qxe6 47.
Rxe6 Rh6 48. Rxe5 a5 49. Bf5 Nc2 50. Rc1 Nd4 51. Rce1 Nxf5 52. Rxf5 Rg6 53. Re6
Rxe6 54. dxe6 Re8 55. Re5 a4 56. Re2 Kg8 57. Ra2 Ra8 58. Kf3 Kf8 59. Ke4 g6 60.
Ra3 Ke7 61. Ke5 Ra5 62. Kd5 Ra8 63. Kc6 Kxe6 64. Kxb6 Kd6 65. Kb5 Rh8 66. Kxa4
Rxh3 67. Kb5 Ke5 68. d4+ cxd4 69. Rxh3 1-0

[Event "Khalif"]
[Site "Quebec CAN"]
[Date "2016.04.16"]
[Round "4"]
[White "Glode, Martin"]
[Black "Laprade, Jean jr"]
[Result "1/2-1/2"]
[WhiteElo "1872"]
[BlackElo "1594"]
[PlyCount "48"]
[EventDate "2016.03.21"]
[EventType "swiss"]
[EventRounds "5"]
[EventCountry "CAN"]

1. e4 c5 2. Nf3 Nc6 3. c3 d5 4. exd5 Qxd5 5. d4 cxd4 6. cxd4 e6 7. Nc3 Qa5 8.
Bd2 Qd8 9. Bb5 Nge7 10. Be3 a6 11. Be2 Nf5 12. O-O Nxe3 13. fxe3 Be7 14. Rc1
O-O 15. Bd3 Nb4 16. Bb1 b5 17. Ne5 g6 18. a3 Nd5 19. Nc6 Qd7 20. Nxe7+ Qxe7 21.
Qf3 Bb7 22. Nxd5 Bxd5 23. Be4 Bxe4 24. Qxe4 Rac8 1/2-1/2

[Event "Khalif"]
[Site "Quebec CAN"]
[Date "2016.04.16"]
[Round "4"]
[White "Tremblay, Rejean"]
[Black "HalHal, Sami"]
[Result "1-0"]
[WhiteElo "2171"]
[BlackElo "1801"]
[PlyCount "87"]
[EventDate "2016.03.21"]
[EventType "swiss"]
[EventRounds "5"]
[EventCountry "CAN"]

1. d4 Nf6 2. c4 g6 3. Nf3 Bg7 4. Nc3 d6 5. g3 Nc6 6. Bg2 O-O 7. O-O e5 8. dxe5
Nxe5 9. Nxe5 dxe5 10. Qxd8 Rxd8 11. Bg5 Rd4 12. b3 c6 13. h3 Bf5 14. Be3 Rd7
15. Rfd1 Rad8 16. Bxa7 Rxd1+ 17. Rxd1 Rxd1+ 18. Nxd1 Bb1 19. Nc3 Bc2 20. Bb8
Nd7 21. Bd6 f5 22. e4 f4 23. g4 Bf8 24. Bxf8 Kxf8 25. b4 Nb6 26. Bf1 Ke7 27. g5
Na8 28. h4 Nc7 29. Bh3 b5 30. Bf1 bxc4 31. Bxc4 Ne6 32. Bxe6 Kxe6 33. f3 Bd3
34. Kf2 Kd6 35. Ke1 Bc4 36. a3 Kc7 37. Kd2 Bb5 38. Nxb5+ cxb5 39. Kc3 Kc6 40.
Kb3 Kb6 41. a4 Kc6 42. axb5+ Kxb5 43. Kc3 Kb6 44. Kc4 1-0

[Event "Khalif"]
[Site "Quebec CAN"]
[Date "2016.04.25"]
[Round "5"]
[White "Bahadi, Khalid"]
[Black "Tremblay-Alix, Eric"]
[Result "1/2-1/2"]
[WhiteElo "1927"]
[BlackElo "1816"]
[PlyCount "43"]
[EventDate "2016.03.21"]
[EventType "swiss"]
[EventRounds "5"]
[EventCountry "CAN"]

1. e4 e5 2. Nf3 Nf6 3. Nc3 Nc6 4. Bc4 Bb4 5. O-O O-O 6. Nd5 d6 7. c3 Ba5 8. b4
Bb6 9. d3 Nxd5 10. Bxd5 Ne7 11. Bg5 c6 12. Bb3 Kh8 13. d4 Qc7 14. Qd3 Ng6 15.
Nh4 h6 16. Nxg6+ fxg6 17. Bd2 Qe7 18. f4 exd4 19. cxd4 Be6 20. Bxe6 Qxe6 21.
Kh1 Rae8 22. Rae1 1/2-1/2